00505nam a2200145Ia 4500008004100000020001800041082001400059100003100073245005500104260002200159500002500181942000700206952013100213999001500344260604s9999 xx 000 0 und d a9781647255688 a174.4 LIT aMarissa littlefield935701 0aRethinking Values and Ethics in Organizations 2025 bNY Research Press aEthics, Organization cBK 00104070aIIMVbIIMVcLOCKERd2026-06-04g14320.00l0o174.4 LITp004143r2026-06-04 10:20:37v14320.00w2026-06-04yBKBLIT c8525d8525